Southville International School and Colleges
Your cart is empty.
  • Cart
  • Lists
    Public lists Eva Luna New books Lux_list list_1
    Your lists Log in to create your own lists
  • Log in to your account
  • Your cookies
  • Search history
Southville International School and Colleges
  • Advanced search
  • Recent comments
  • Most popular
  • Libraries

Log in to your account

Log in with GOOGLE


If you do not have an external account, but do have a local account, you can still log in:

  1. Home
  2. MARC view: Take a road trip with the MS-DOS 6 upgrade :
Normal view MARC view ISBD view

Take a road trip with the MS-DOS 6 upgrade : (Record no. 283881)

[ view plain ]
MARC details
000 -LEADER
fixed length control field 01094cmm a2200313 a 4500
001 - CONTROL NUMBER
control field 5000224
003 - CONTROL NUMBER IDENTIFIER
control field PILC
005 - DATE AND TIME OF LATEST TRANSACTION
control field 20150507113803.0
008 - FIXED-LENGTH DATA ELEMENTS--GENERAL INFORMATION
fixed length control field 931014s1993 wau b
010 ## - LIBRARY OF CONGRESS CONTROL NUMBER
LC control number 93790590
040 ## - CATALOGING SOURCE
Original cataloging agency DLC
Transcribing agency DLC
Modifying agency DLC
041 0# - LANGUAGE CODE
Language code of accompanying material other than librettos eng
050 00 - LIBRARY OF CONGRESS CALL NUMBER
Classification number QA 76.76.O63
Item number .T136 1993
082 10 - DEWEY DECIMAL CLASSIFICATION NUMBER
Classification number 005.4
245 00 - TITLE STATEMENT
Title Take a road trip with the MS-DOS 6 upgrade :
Remainder of title user's guide /
256 ## - COMPUTER FILE CHARACTERISTICS
Computer file characteristics Computer program.
260 ## - PUBLICATION, DISTRIBUTION, ETC. (IMPRINT)
Place of publication, distribution, etc [Redmond, Wash.] :
Name of publisher, distributor, etc Microsoft,
Date of publication, distribution, etc 1993.
300 ## - PHYSICAL DESCRIPTION
Extent xix, 321 pages :
Dimensions 23 cm.
Accompanying material illustrations ;
440 #0 - SERIES STATEMENT/ADDED ENTRY--TITLE
Title MS-DOS series
530 ## - ADDITIONAL PHYSICAL FORM AVAILABLE NOTE
Additional physical form available note Issued also with 360K or 720K disks.
538 ## - SYSTEM DETAILS NOTE
System details note System requirements: IBM-compatible PC with 8088 or higher processor; 512K RAM; MS-DOS 2.11 or later, compatible operating system, or OS/2; high-density floppy disk drive.
650 #0 - SUBJECT ADDED ENTRY--TOPICAL TERM
Topical term or geographic name as entry element Operating systems (Computers)
General subdivision Software.
710 2# - ADDED ENTRY--CORPORATE NAME
Corporate name or jurisdiction name as entry element Microsoft Corporation.
740 0# - ADDED ENTRY--UNCONTROLLED RELATED/ANALYTICAL TITLE
Uncontrolled related/analytical title MS-DOS 6 upgrade.
753 ## - SYSTEM DETAILS ACCESS TO COMPUTER FILES
Make and model of machine IBM PC
Operating system DOS 6.0
906 ## - LOCAL DATA ELEMENT F, LDF (RLIN)
a 7
b cbc
c orignew
d u
e ncip
f 19
g y-gencompf
942 ## - ADDED ENTRY ELEMENTS (KOHA)
Source of classification or shelving scheme Library of Congress Classification
Koha item type Books
Holdings
Withdrawn status Lost status Source of classification or shelving scheme Damaged status Home library Current library Shelving location Date acquired Source of acquisition Sub Shelving location Total Checkouts Full call number Barcode Date last seen Price effective from Koha item type
    Library of Congress Classification   Southville International School Affiliated with Foreign Universities Library Southville International School Affiliated with Foreign Universities Library Southville Foreign University Section 05/07/2015 Library Fund     QA 76.76.O63 .T136 1993 SFU1910 05/15/2018 05/07/2015 Books

Take a road trip with the MS-DOS 6 upgrade :

APA

Microsoft Corporation, . (1993). Take a road trip with the MS-DOS 6 upgrade. [Redmond, Wash.]: Microsoft.

Chicago

Microsoft Corporation, . 1993. Take a road trip with the MS-DOS 6 upgrade. [Redmond, Wash.]: Microsoft.

Harvard

Microsoft Corporation, . (1993). Take a road trip with the MS-DOS 6 upgrade. [Redmond, Wash.]: Microsoft.

MLA

Microsoft Corporation, . Take a road trip with the MS-DOS 6 upgrade. [Redmond, Wash.]: Microsoft. 1993.

  • Place hold
  • Print
  • Cite
  • Add to your cart (remove)
  • Save record
    BIBTEX Dublin Core MARCXML MARC (non-Unicode/MARC-8) MARC (Unicode/UTF-8) MARC (Unicode/UTF-8, Standard) MODS (XML) RIS
  • More searches
    Search for this title in:
    Other Libraries (WorldCat) Other Databases (Google Scholar) Online Stores (Bookfinder.com) Open Library (openlibrary.org)

Exporting to Dublin Core...

SOUTHVILLE LIBRARY

Southville International School and Colleges Library

1281 Tropical Ave. Cor. Luxembourg St., BF Homes International, Las Pinas City

Tel. No. 8256374 / 252358 Loc. 117/146

Powered by Koha